000 00725nam a2200205Ii 4500
003 JO-AjNU
008 230605s9999||||xx |||||||||||||| ||und||
017 _a1983/3520
040 _aJO-AjNU
_bara
_erda
_cJO-AjNU
041 _aara
050 1 4 _aJF2011.K4272 1983
100 3 _aالخطيب، نعمان,
_eauthor
_946698
245 0 0 _aالأحزاب السياسية ودورها في أنظمة الحكم المعاصرة
264 3 1 _aالقاهرة: دار الثقافة للنشر والتوزيع، 1983
300 _a687ص
336 _atext
_btxt
_2rdacontent
337 _aunmediated
_bn
_2rdamedia
338 _avolume
_bnc
_2rdacarrier
650 4 _aالاحزاب السياسية - نظم الحكم
_946699
999 _aA20335
_c23903
_d23903